000 00671nam a22001577a 4500
003 OSt
005 20150916104536.0
008 150916b xxu||||| |||| 00| 0 eng d
040 _cRUA
082 _aAGR YAR 2002 B027 Or.1
100 _9577
_aYARN, PITOU.
245 _ayard-long bean ybk2 bariety breeder seed production in rain season 2002 (ការផលិតពូជជំរើសវិទូលើដំណាំសណ្តែកទ្រើងប្រភេទពូជ ybk2 ក្នុងលក្ខខ័ណ្ឌរដូវវស្សាឆ្នាំ ២០០២)
260 _aPhnom Penh
_bRUA
_c2002
300 _a72p.
_bill.
_c29cm.
942 _2ddc
_cAGR
999 _c554
_d554